000 00474nam a22001937a 4500
003 MPLRDC
005 20220104114108.0
008 210129b ||||| |||| 00| 0 eng d
020 _a957-32-0742-7
082 _a848.4 ST-3 v.1 c.2
100 _a苏童著
245 _a大红灯笼高高挂
_c
250 _a初版五刷
260 _a
_b远流出版公司
_c1992
300 _b
490 _a小说馆;38
650 _a现代别集
942 _cBK
_o848.4 ST-3 v.1 c.2
999 _c4773
_d4763